000 03741nam a2200349 i 4500
003 CSPC
005 20231207173235.0
008 231201s2021 nyua 000 0 eng
010 _a2022513580
020 _a9781260462807
_q(paperback)
040 _cCSPC
_aCSPC
_beng
050 0 0 _aPC4121
_b.S36 2021
082 0 0 _223
_a468.2421
_bSch564s
100 1 _aSchmitt, Conrad J.,
_eauthor.
245 1 0 _aSchaum's outlines :
_bSpanish vocabulary /
_cConrad J. Schmitt.
246 3 0 _aSpanish vocabulary
250 _aFifth edition
264 1 _aNew York :
_bMcGraw-Hill Education,
_c2021.
300 _axii, 285 pages :
_billustrations ;
_c28 cm.
336 _2rdacontent
_atext
337 _2rdamedia
_aunmediated
338 _2rdacarrier
_avolume
490 1 _aSchaum's outline series
505 0 _aAir travel : viajando en avión -- On the airplane : en el avión -- Security control, passport control and customs : el control de seguridad, control de pasaportes y la aduana -- At the train station : en la estación de ferrocarril -- The automobile : el automóvil -- Asking for directions : pidiendo direcciones -- Making a phone or cell phone call : haciendo una llamada telefónica o celular -- Public bathroom : el lavatorio público -- At the hotel : en el hotel -- At the bank : en el banco -- At the post office : en el correo -- At the hairdresser's : en la peluquería -- At the clothing store : en la tienda de ropa -- At the dry cleaner's : en la tintorería -- At the restaurant : en el restaurante -- Shopping for food : comprando los comestibles -- At home : en casa, el hogar -- At the doctor's/dentist's office : en la consulta de médico/dentista -- At the hospital : en el hospital -- At the theater and the movies : en el teatro y en el cine -- Sports : los deportes -- The beach : la playa -- Skiing : el esquí -- Camping : el camping -- The weather : el tiempo -- Crime : delitos y crímenes -- Education : la educación -- Business : el comercio -- The computer : la computadora -- Government and politics : el gobierno y la política -- Days of the week : los días de la semana -- Months of the year and dates : los meses del año y las fechas -- Time and expressions of time : la hora y expresiones de tiempo -- Spanish-speaking countries and nationalities : países y nacionalidades de habla española -- Numbers : los números -- Foods : las comidas -- Answers to exercises : respuestas a los ejercicios -- Key words: English/Spanish : palabras importantes: inglés/español -- Glossary: English/Spanish : glosario: inglés/español -- Glossary: Spanish/English : glosario: español/inglés -- Companion audio recording.
520 _aMore than 40 million students have trusted Schaum's to help them succeed in the classroom and on exams. Schaum's is the key to faster learning and higher grades in every subject. Each Outline presents all the essential course information in an easy-to-follow, topic-by-topic format. You also get hundreds of examples, solved problems, and practice exercises to test your skills. This Schaum's Outline gives you: 251 practice exercises with answers to reinforce your mastery of Spanish vocabulary, Easy-to-follow review of Spanish vocabulary, The latest terms and vocabulary that Spanish speakers use today, Support for all major textbooks for courses in Spanish vocabulary.
650 0 _aSpanish language
_xVocabulary.
650 0 _aSpanish language
_vConversation and phrase books
_xEnglish.
650 0 _aSpanish language
_vTextbooks for foreign speakers
_xEnglish.
830 0 _aSchaum's outline series.
942 _2ddc
_cBK
_h468.2421
_iSch564s
_kCIR
_m2021
_n0
999 _c26621
_d26621